| 000 | 00361nam a2200157Ia 4500 | ||
|---|---|---|---|
| 008 | 221030s9999 xx 000 0 und d | ||
| 020 | _a8176111708 | ||
| 041 | _aEnglish | ||
| 082 |
_a105.23 _bMat |
||
| 100 | _aB. L. Mathur | ||
| 245 | 0 | _aFunctional Management | |
| 260 |
_bR B S A Pub. _aJaipur _c2002 |
||
| 300 | _a552 | ||
| 650 | _aManagement | ||
| 942 | _cBK | ||
| 999 |
_c1399 _d1399 |
||